| 000 | 00676aam a2200253 4500 | ||
|---|---|---|---|
| 005 | 20170124084708.0 | ||
| 008 | 150420b xxu||||| |||| 00| 0 spa d | ||
| 041 | _aspa | ||
| 082 | _a1.1.12 I59p | ||
| 100 |
_aInstituto Costarricense de Turismo _99317 |
||
| 245 | _aPlan de desarrollo turístico para la zona de los Santos | ||
| 260 | _aCosta Rica | ||
| 260 | _bICT | ||
| 260 | _c2002 | ||
| 300 | _a58 páginas | ||
| 650 |
_aCOSTA RICA _936890 |
||
| 650 |
_aDESARROLLO TURÍSTICO _95393 |
||
| 650 |
_aZONA DE LOS SANTOS _92479 |
||
| 650 |
_aSAN JOSÉ _91091 |
||
| 650 |
_aTARRAZÚ _934253 |
||
| 650 |
_aDOTA _934254 |
||
| 650 |
_aLEÓN CORTÉS _922720 |
||
| 942 | _cBK | ||
| 999 |
_c4828 _d4828 |
||